Building measurement (Record no. 116059)

MARC details
000 -LEADER
fixed length control field 01858cam a22002535a 4500
001 - CONTROL NUMBER
control field E159625
008 - FIXED-LENGTH DATA ELEMENTS--GENERAL INFORMATION
fixed length control field 171129s2016 xxk f 000 0 eng d
020 ## - INTERNATIONAL STANDARD BOOK NUMBER
International Standard Book Number 9781315734613
035 ## - SYSTEM CONTROL NUMBER
System control number (Sirsi) u159625
041 0# - LANGUAGE CODE
Language code of text/sound track or separate title eng
050 04 - LIBRARY OF CONGRESS CALL NUMBER
Classification number 692.3 $2 18
100 1# - MAIN ENTRY--PERSONAL NAME
Personal name Packer, A. D.
245 00 - TITLE STATEMENT
Title Building measurement
Remainder of title New rules of measurement
Medium [electronic resource]
250 ## - EDITION STATEMENT
Edition statement 2nd ed.
260 ## - PUBLICATION, DISTRIBUTION, ETC.
Place of publication, distribution, etc. Abingdon
Name of publisher, distributor, etc. Routledge
Date of publication, distribution, etc. 2016
300 ## - PHYSICAL DESCRIPTION
Extent EBOOK
520 ## - SUMMARY, ETC.
Summary, etc. Measurement of buildings is the core skill of the quantity surveyor. It underpins the procurement, management, delivery and subsequent commissioning of a completed building, and must now be completed using New Rules of Measurement 2 (NRM 2). In this new measurement textbook, the measurement of the most common building elements is described using NRM2. Extensive worked examples including fully up to date hand-drawn diagrams and supporting take-off lists ensure that the reader develops a confidence in their ability to measure using NRM2 in practice. A practical step-by-step approach is used to explain and interpret the detail of the specific Work Sections of NRM2, covering a broad range of different trades, including mechanical and electrical systems; external works; groundwork; masonry; joinery; and internal finishes. Presuming no prior knowledge of measurement or NRM2, and fully up to date with current practice, including consideration of Building Information Modelling, this is the ideal text for students of measurement at HND or BSc level, as well as practitioners needing a crash course in how to apply NRM2.
650 24 - SUBJECT ADDED ENTRY--TOPICAL TERM
Topical term or geographic name entry element NEW RULES OF MEASUREMENT 2
651 #4 - SUBJECT ADDED ENTRY--GEOGRAPHIC NAME
Geographic name United Kingdom
Chronological subdivision
690 ## - LOCAL SUBJECT ADDED ENTRY--TOPICAL TERM (OCLC, RLIN)
Topical term or geographic name as entry element Quantity surveying
9 (RLIN) 6263
856 40 - ELECTRONIC LOCATION AND ACCESS
Uniform Resource Identifier <a href="https://www.vlebooks.com/">https://www.vlebooks.com/</a>
Public note View on VLEbooks. Logins for members only from [email protected]
942 ## - ADDED ENTRY ELEMENTS (KOHA)
Suppress in OPAC 0
948 ## - LOCAL PROCESSING INFORMATION (OCLC); SERIES PART DESIGNATOR (RLIN)
c (OCLC) 04/03/1997
Holdings
Withdrawn status Lost status Source of classification or shelving scheme Damaged status Not for loan Home library Current library Shelving location Date acquired Total Checkouts Full call number Barcode Date last seen Copy number Price effective from Koha item type
    Dewey Decimal Classification     Virtual Virtual Online 29/11/2017   ONLINE PUBLICATION 159625-2001 06/08/2019 1 06/08/2019 Book